000 00619nam a2200229Ia 4500
003 OSt
005 20221007071313.0
006 a|||||r|||| 00| 0
007 ta
008 221006b |||||||| |||| 00| 0 eng d
024 _a19,178
037 _cTextual
040 _aFLL
_cFLL
_beng
041 _2eng
_aeng
082 _aZ,512, K0
100 _aMunkman J. Au.
_9688476
245 0 _aDamages for personal injuries and death
260 _aLondon
_bButterworth and co. pub. ltd. England
_c1960
300 _a198p
_ccm.
942 _hZ,512, K0
_cTEXL
_2CC
999 _c1142998
_d1142998